书目信息 |
| 题名: |
自动控制原理 (第六版) 同步辅导及习题全解
|
|
| 作者: | 李家星 主编 | |
| 分册: | ||
| 出版信息: | 北京 中国水利水电出版社 2014.08 |
|
| 页数: | 365页 | |
| 开本: | 23cm | |
| 丛书名: | 高校经典教材同步辅导丛书 | |
| 单 册: | ||
| 中图分类: | TP13 | |
| 科图分类: | ||
| 主题词: | 自动控制理论--zi dong kong zhi li lun--高等学校--教学参考资料 | |
| 电子资源: | ||
| ISBN: | 978-7-5170-2455-2 | |
| 000 | 01193nam 2200301 450 | |
| 001 | CAL 0120141412651 | |
| 005 | 20150826165135.21 | |
| 010 | @a978-7-5170-2455-2@dCNY32.80 | |
| 100 | @a20141020d2014 em y0chiy50 ea | |
| 101 | 0 | @achi |
| 102 | @aCN@b110000 | |
| 105 | @aak z 000yy | |
| 106 | @ar | |
| 200 | 1 | @a自动控制原理 (第六版) 同步辅导及习题全解@Azi dong kong zhi yuan li ( di liu ban ) tong bu fu dao ji xi ti quan jie@f主编李家星 |
| 205 | @a新版 | |
| 210 | @a北京@c中国水利水电出版社@d2014.08 | |
| 215 | @a365页@c图@d23cm | |
| 225 | 2 | @a高校经典教材同步辅导丛书@Agao xiao jing dian jiao cai tong bu fu dao cong shu@e配套科学版 |
| 225 | 2 | @a九章丛书@Ajiu zhang cong shu |
| 330 | @a本书共10章, 分别介绍了自动控制的一般概念、控制系统的数学模型、线性系统的时域分析法、线性系统的根轨迹法、线性系统的频域分析法、线性系统的校正方法、非线性控制系统分析等。 | |
| 410 | 0 | @12001 @a九章丛书 |
| 410 | 0 | @12001 @a高校经典教材同步辅导丛书 (配套科学版) |
| 586 | @a | |
| 606 | 0 | @a自动控制理论@Azi dong kong zhi li lun@x高等学校@j教学参考资料 |
| 690 | @aTP13@v5 | |
| 701 | 0 | @a李家星@Ali jia xing@4主编 |
| 801 | 0 | @aCN@c20150820 |
| 905 | @a河南城建学院图书馆@dTP13@eL180@f3 | |
| 自动控制原理 (第六版) 同步辅导及习题全解/主编李家星.-新版.-北京:中国水利水电出版社,2014.08 |
| 365页:图;23cm.-(高校经典教材同步辅导丛书:配套科学版).-(九章丛书) |
| ISBN 978-7-5170-2455-2:CNY32.80 |
| 本书共10章, 分别介绍了自动控制的一般概念、控制系统的数学模型、线性系统的时域分析法、线性系统的根轨迹法、线性系统的频域分析法、线性系统的校正方法、非线性控制系统分析等。 |
| ● |
| 相关链接 |
|
|
|
正题名:自动控制原理 (第六版) 同步辅导及习题全解
索取号:TP13/L180
 
预约/预借
| 序号 | 登录号 | 条形码 | 馆藏地/架位号 | 状态 | 备注 |
| 1 | 1233418 | 212334188 | 自科库301/301自科库 101排3列6层/ [索取号:TP13/L180] | 在馆 | |
| 2 | 1233419 | 212334197 | 自科库301/301自科库 101排3列6层/ [索取号:TP13/L180] | 在馆 | |
| 3 | 1233420 | 212334204 | 自科库301/404自科库 29排5列6层/ [索取号:TP13/L180] | 在馆 |